Lifting the veil : (Record no. 35051)

MARC details
000 -LEADER
fixed length control field 01224cam a2200337 a 4500
001 - CONTROL NUMBER
control field 1090498
003 - CONTROL NUMBER IDENTIFIER
control field OSt
005 - DATE AND TIME OF LATEST TRANSACTION
control field 20220418104026.0
008 - FIXED-LENGTH DATA ELEMENTS--GENERAL INFORMATION
fixed length control field 920903s1993 mau b 001 0aeng
010 ## - LIBRARY OF CONGRESS CONTROL NUMBER
LC control number 92056445
020 ## - INTERNATIONAL STANDARD BOOK NUMBER
International Standard Book Number 0877736561 (pbk. : acidfree paper) :
Terms of availability $14.00 ($18.50 Can.)
040 ## - CATALOGING SOURCE
Original cataloging agency DLC
Transcribing agency HU
Modifying agency DLC
043 ## - GEOGRAPHIC AREA CODE
Geographic area code n-us---
050 00 - LIBRARY OF CONGRESS CALL NUMBER
Classification number Q130
Item number .S48 1993
082 00 - DEWEY DECIMAL CLASSIFICATION NUMBER
Classification number 500/.82
Edition number 21
100 1# - MAIN ENTRY--PERSONAL NAME
Personal name Shepherd, Linda Jean.
9 (RLIN) 36281
245 10 - TITLE STATEMENT
Title Lifting the veil :
Remainder of title the feminine face of science /
Statement of responsibility, etc. Linda Jean Shepherd.
250 ## - EDITION STATEMENT
Edition statement 1st ed.
260 ## - PUBLICATION, DISTRIBUTION, ETC.
Place of publication, distribution, etc. Boston :
Name of publisher, distributor, etc. Shambhala,
Date of publication, distribution, etc. 1993.
300 ## - PHYSICAL DESCRIPTION
Extent xv, 329 p. ;
Dimensions 23 cm.
504 ## - BIBLIOGRAPHY, ETC. NOTE
Bibliography, etc. note Includes bibliographical references (p. [309]-318) and index.
600 10 - SUBJECT ADDED ENTRY--PERSONAL NAME
Personal name Jung, C. G.
Fuller form of name (Carl Gustav),
Dates associated with a name 1875-1961.
9 (RLIN) 36282
600 10 - SUBJECT ADDED ENTRY--PERSONAL NAME
Personal name Shepherd, Linda Jean.
9 (RLIN) 36281
650 #0 - SUBJECT ADDED ENTRY--TOPICAL TERM
Topical term or geographic name entry element Women in science.
9 (RLIN) 17984
650 #0 - SUBJECT ADDED ENTRY--TOPICAL TERM
Topical term or geographic name entry element Women scientists.
9 (RLIN) 36283
650 #0 - SUBJECT ADDED ENTRY--TOPICAL TERM
Topical term or geographic name entry element Femininity.
9 (RLIN) 8148
650 #0 - SUBJECT ADDED ENTRY--TOPICAL TERM
Topical term or geographic name entry element Biochemists
Geographic subdivision United States
General subdivision Biography.
9 (RLIN) 36284
906 ## - LOCAL DATA ELEMENT F, LDF (RLIN)
a 7
b cbc
c orignew
d 1
e ocip
f 19
g y-gencatlg
942 ## - ADDED ENTRY ELEMENTS (KOHA)
Source of classification or shelving scheme Dewey Decimal Classification
Koha item type Books like text book referance book
Suppress in OPAC No
Holdings
Withdrawn status Lost status Source of classification or shelving scheme Damaged status Not for loan Collection code Home library Current library Shelving location Date acquired Total Checkouts Full call number Barcode Date last seen Copy number Price effective from Koha item type
    Dewey Decimal Classification     Reference Wondo Genet Library Wondo Genet Library General Stacks 04/18/2022   508.02 JEA 1993 WGCFNRL00019487 04/18/2022 1 04/18/2022 Books like text book referance book